[Event "Begonia op 34th"]
[Site "Ballarat"]
[Date "2000.03.13"]
[Round "7"]
[White "Jovanovic, Marija"]
[Black "Pratsch, George"]
[Result "0-1"]
[WhiteElo "1294"]
[BlackElo "1752"]
[PlyCount "104"]
[EventDate "2000.03.11"]
[EventType "swiss"]
[EventRounds "7"]
[EventCountry "AUS"]
[SourceTitle "EXT 2001"]
[Source "ChessBase"]
[SourceDate "2000.11.22"]
[SourceVersion "1"]
[SourceVersionDate "2000.11.22"]
[SourceQuality "1"]

1. Nf3 Nf6 2. c4 c5 3. b3 Nc6 4. Bb2 e6 5. d3 Be7 6. g3 0-0 7. Bg2 d5 8. 0-0 Re8 9. Nbd2 d4 10. a3 e5 11. Qc2 h6 12. e4 Bg4 13. h3 Bh5 14. Rae1 Nd7 15. Nh2 g5 16. Bc1 Kh7 17. Nb1 Rg8 18. g4 Bg6 19. Rd1 Kg7 20. f3 Nf8 21. Rf2 Ne6 22. Nd2 Nf4 23. Ndf1 Rh8 24. Bd2 a5 25. a4 b6 26. Be1 Qd7 27. Ng3 Rh7 28. Nf5+ Bxf5 29. gxf5 Rg8 30. Kf1 Kf8 31. Ng4 h5 32. Nh2 Rhg7 33. Kg1 Qd6 34. Qb2 Nb8 35. Qc2 Nd7 36. Bd2 Nf6 37. Bxf4 exf4 38. Qe2 Qe5 39. Kh1 Bd6 40. Kg1 g4 41. hxg4 hxg4 42. Nxg4 Nxg4 43. fxg4 Rxg4 44. Kf1 Be7 45. Qf3 Bh4 46. Rfd2 Rg3 47. Qh5 R8g4 48. Qh6+ Ke7 49. Qxb6 f3 50. f6+ Bxf6 51. Qb7+ Kf8 52. Qc8+ Kg7 0-1